Sarmiento y Alberdi /
Domingo Faustino Sarmiento y Juan Bautista Alberdi son dos de los principales pensadores de la historia argentina. Estudiamos sus coincidencias ideológicas, sus controversias y la importancia de sus proyectos en el desarrollo de la Argentina.
Guardado en:
| Autor Principal: | |
|---|---|
| Autor Corporativo: | |
| Formato: | |
| Publicado: |
Argentina,
2010
|
| Series: | XIX: Los Proyectos De Nación
|
| Materias: | |
| Acceso en línea: | https://www.educ.ar/recursos/101082/sarmiento-y-alberdi |
| Etiquetas: |
Agregar Etiqueta
Sin Etiquetas, Sea el primero en etiquetar este registro!
|
| LEADER | 01129ngm a22003015g 4500 | ||
|---|---|---|---|
| 001 | CEM.cems024085 | ||
| 008 | 130507s2010##################0###0#####d | ||
| 005 | 20250818193357.0 | ||
| 245 | 1 | 0 | |a Sarmiento y Alberdi / |c Sebastián Mignona. |
| 260 | |a Argentina, |c 2010 | ||
| 300 | |a 22'. | ||
| 490 | 0 | |a XIX: Los Proyectos De Nación | |
| 500 | |a Consultar en ventanilla. | ||
| 538 | |a Soporte: DVD - Grabación DRD | ||
| 520 | |a Domingo Faustino Sarmiento y Juan Bautista Alberdi son dos de los principales pensadores de la historia argentina. Estudiamos sus coincidencias ideológicas, sus controversias y la importancia de sus proyectos en el desarrollo de la Argentina. | ||
| 100 | 1 | |a Mignona, Sebastián | |
| 710 | 2 | |a Canal Encuentro. | |
| 082 | 7 | 8 | |/ MIG |
| 653 | |a HISTORIA | ||
| 653 | |a HISTORIA ARGENTINA | ||
| 653 | |a SIGLO XIX | ||
| 653 | |a ILUSTRACION | ||
| 653 | |a GENERACION DEL 37' | ||
| 653 | |a ALBERDI | ||
| 653 | |a SARMIENTO | ||
| 653 | |a SERIE DE TELEVISIÓN | ||
| 856 | |u https://www.educ.ar/recursos/101082/sarmiento-y-alberdi | ||
| 859 | |a CEMS |b BIB. CEMS - Depto. Recursos Didacticos |h 782 |i MIG |k DRD |p 2728.19 |t Ej.1 | ||
